| 000 | 01087nam a2200313 4500 | ||
|---|---|---|---|
| 001 | 0000015354 | ||
| 003 | CO-CtgCURN | ||
| 005 | 20250329164847.0 | ||
| 007 | ta | ||
| 008 | 160627s2001 000 0 eng d | ||
| 020 | _a9789682464522 | ||
| 040 |
_aCO-CtgCURN _bspa _ccoctgcurn |
||
| 082 | 0 |
_a370.13 _bM611 |
|
| 100 | 1 | _aMillan, Antonio. | |
| 245 | 1 | 0 |
_aCalidad y efectividad en instituciones educativas / _cAntonio Millan, Ruben Rivera, María Soledad Ramírez. |
| 260 |
_aMexico : _bTrillas, _c2001. |
||
| 300 | _a80 p. | ||
| 336 | _2rdacontent | ||
| 337 |
_2rdamedia _asin mediacion _bn |
||
| 338 |
_2rdacarrier _avolumen _bnc |
||
| 504 | _aIncluye indice y bibliografia (p. 72-74) | ||
| 505 | 8 | _aConceptos basicos.--Como crear una cultura de calidad en mi escuela.--Aplicacion a tres casos.--El autoestudio | |
| 650 | 1 | 4 | _aCalidad de la educación. |
| 700 | 1 | _aRivera, Ruben. | |
| 908 | _a160627 | ||
| 942 |
_cBK _h370.13 _iM611 _2ddc |
||
| 999 |
_c2583 _d2583 |
||